000
00294nam a22001337a 4500
008
170830b xxu||||| |||| 00| 0 eng d
020
_a
9780071492485
041
_a
eng
080
_a
070
100
_a
39
101
_a
MED
245
_a
202 GREAT COVER LETTERS
_c
BETRUS.M
942
_2
udc
_c
BK
999
_c
25571
_d
25571